000 00309nam a2200133 i 4500
001 bg
100 1 _aSZEWCZYK, Karol
245 0 _aPołączenia gwintowe /
_cKarol Szewczyk.
260 _aWarszawa :
_bPWN,
_c1991.
040 _cBPK
041 _apol
942 _cKS
008 s pl f |000 0 pol
999 _c4569
_d4569
856 _uhttp://koha.tu.koszalin.pl/cgi-bin/koha/opac-detail.pl?biblionumber=4569
_yKatalog online BPK